| 000 | 00813nam a2200265 i 4500 | ||
|---|---|---|---|
| 001 | 110710 | ||
| 003 | ES-MaACL | ||
| 005 | 20250804062742.0 | ||
| 007 | t| | ||
| 008 | 070119s1987 sp ||||1| spa d | ||
| 020 | _a84-7046-412-4 | ||
| 080 | _a1 | ||
| 100 | 1 |
_aMaceiras Fafián, Manuel. _975140 |
|
| 245 | 1 | 0 |
_a¿Qué es filosofía? _b: el hombre y su mundo / _cManuel Maceiras Fafián ; prólogo de Paul Ricoeur. |
| 250 | _a2ª reimp. | ||
| 260 |
_aMadrid : _bCincel, _c1987. |
||
| 300 |
_a232 p. ; _c19 cm. |
||
| 490 | 1 |
_aHistoria de la filosofía ; _v1 |
|
| 504 | _aBibliografía: p. 229-232. Indice. | ||
| 650 | 1 | 7 |
_aFilosofía _2embne _912802 |
| 700 | 1 |
_aRicoeur, Paul. _997042 |
|
| 830 | 0 |
_aHistoria de la filosofía ; _v1 _9181726 |
|
| 852 |
_aES-MaACL _jL-15567 |
||
| 999 |
_c110710 _d110710 |
||